Denver run / (Record no. 11556)
[ view plain ]
| 000 -LEADER | |
|---|---|
| fixed length control field | 00827nam a22002893a 4500 |
| 001 - CONTROL NUMBER | |
| control field | 16398557 |
| 003 - CONTROL NUMBER IDENTIFIER | |
| control field | LC |
| 005 - DATE AND TIME OF LATEST TRANSACTION | |
| control field | 20160314150158.0 |
| 008 - FIXED-LENGTH DATA ELEMENTS--GENERAL INFORMATION | |
| fixed length control field | 871125s1987 nyu 000 1 eng d |
| 010 ## - LIBRARY OF CONGRESS CONTROL NUMBER | |
| LC control number | 98809092 |
| 020 ## - INTERNATIONAL STANDARD BOOK NUMBER | |
| International Standard Book Number | 0843925485 |
| 035 ## - SYSTEM CONTROL NUMBER | |
| System control number | (OCoLC)ocm17063891 |
| 040 ## - CATALOGING SOURCE | |
| Original cataloging agency | CSB |
| Transcribing agency | CSB |
| Modifying agency | DLC |
| 050 00 - LIBRARY OF CONGRESS CALL NUMBER | |
| Classification number | PS 3568 |
| Item number | .R632 1987 |
| 082 ## - DEWEY DECIMAL CLASSIFICATION NUMBER | |
| Classification number | FIC |
| Item number | R53e 1987 |
| 100 1# - MAIN ENTRY--PERSONAL NAME | |
| Personal name | Robbins, David. |
| 9 (RLIN) | 20587 |
| 245 10 - TITLE STATEMENT | |
| Title | Denver run / |
| Statement of responsibility, etc | David Robbins. |
| 260 ## - PUBLICATION, DISTRIBUTION, ETC. (IMPRINT) | |
| Place of publication, distribution, etc | New York : |
| Name of publisher, distributor, etc | Leisure Books, |
| Date of publication, distribution, etc | c1987. |
| 300 ## - PHYSICAL DESCRIPTION | |
| Extent | 223 p. ; |
| Dimensions | 17 cm. |
| 490 0# - SERIES STATEMENT | |
| Series statement | Endworld ; |
| Volume number/sequential designation | #8 |
| 490 0# - SERIES STATEMENT | |
| Series statement | Leisure adventure |
| 655 #7 - INDEX TERM--GENRE/FORM | |
| Genre/form data or focus term | Adventure fiction. |
| Source of term | gsafd |
| 9 (RLIN) | 3061 |
| 710 2# - ADDED ENTRY--CORPORATE NAME | |
| Corporate name or jurisdiction name as entry element | Copyright Paperback Collection (Library of Congress) |
| Institution to which field applies | DLC |
| 9 (RLIN) | 705 |
| 906 ## - LOCAL DATA ELEMENT F, LDF (RLIN) | |
| a | 7 |
| b | cbc |
| c | copycat |
| d | 2 |
| e | ncip |
| f | 19 |
| g | y-genrareb |
| 942 ## - ADDED ENTRY ELEMENTS (KOHA) | |
| Source of classification or shelving scheme | Library of Congress Classification |
| Koha item type | Books |
| Withdrawn status | Lost status | Source of classification or shelving scheme | Damaged status | Home library | Current library | Shelving location | Date acquired | Total Checkouts | Full call number | Barcode | Date last seen | Copy number | Price effective from | Koha item type |
|---|---|---|---|---|---|---|---|---|---|---|---|---|---|---|
| Library of Congress Classification | Luxembourg Library | Luxembourg Library | Fiction Section | 09/17/2013 | PS 3568 .R632 1987 | 10220 | 09/17/2013 | 1 | 09/17/2013 | Books |